000 00631nam a2200241Ia 4500
003 OSt
005 20221007071254.0
006 a|||||r|||| 00| 0
007 ta
008 221006b |||||||| |||| 00| 0 eng d
024 _a14,370
037 _cTextual
040 _aFLL
_cFLL
_beng
041 _2eng
_aeng
082 _aX:5:Z3, G4
100 _aJacobs Herbert
_9688431
245 0 _aStevens' elements of mercantile law
250 _a9th
260 _aLondon
_bButterworth & Co. London
_c1934
300 _alxvi,671p
_ccm.
942 _hX:5:Z3, G4
_cTEXL
_2CC
999 _c1142914
_d1142914